The power of calculus
Saved in:
| Main Authors: | , |
|---|---|
| Format: | Bog |
| Sprog: | engelsk |
| Udgivet: |
Nueva York
John Wiley and Sons
1972
|
| Fag: | |
| Tags: |
Tilføj Tag
Ingen Tags, Vær først til at tagge denne postø!
|
MARC
| LEADER | 00000nam a2200000 a 4500 | ||
|---|---|---|---|
| 001 | UCP3060 | ||
| 003 | CL-VaPUC | ||
| 008 | 990604e19720000US |||||||||||||||||eng|d | ||
| 082 | 0 | 4 | |a 515 |b WHI |2 21 |
| 100 | 0 | |a Whipkey, Kenneth L |e author |9 430157 | |
| 700 | 0 | |a Whipkey, Mary Nell |e author |9 430158 | |
| 245 | 1 | 4 | |a The power of calculus |
| 300 | |a 297 p | ||
| 942 | |c BK | ||
| 945 | |d 19990604 00:00:00 |a crobeson | ||
| 260 | |a Nueva York |b John Wiley and Sons |c 1972 | ||
| 650 | 0 | |a Cálculo |9 260234 | |
| 650 | 0 | |a Derivadas |9 354237 | |
| 650 | 0 | |a Integrales |9 260233 | |
| 650 | 7 | |a DESIGUALDADES |2 CL-VaPUC |9 430159 | |
| 650 | 0 | |a Funciones exponenciales |9 360716 | |
| 650 | 0 | |a Funciones logarítmicas |9 358858 | |
| 650 | 0 | |a Derivadas parciales |9 419748 | |
| 583 | |a last modification |c 19990604 00:00:00 |k Rodrigo Vera | ||
| 999 | |c 281499 |d 281497 | ||
| 952 | |0 0 |1 0 |4 0 |6 515_000000000000000_WHI_1972 |7 0 |8 A |9 322255 |a BIBMAT |b BIBMAT |d 2019-11-20 |i 1347837 |o 515 WHI 1972 |p 1347837 |r 2025-01-07 |w 2019-11-20 |y BK |k MAT | ||